[Event "National op"]
[Site "Las Vegas"]
[Date "1997.??.??"]
[Round "1"]
[White "Sammour Hasbun, Jorge E"]
[Black "Elizondo, E."]
[Result "1-0"]
[WhiteElo "2470"]
[BlackElo "2075"]
[PlyCount "35"]
[EventDate "1997.08.03"]
[EventType "swiss"]
[EventRounds "6"]
[EventCountry "USA"]
[SourceTitle "CBM 058 Extra"]
[Source "ChessBase"]
[SourceDate "1997.07.29"]
[SourceVersion "1"]
[SourceVersionDate "1997.07.29"]
[SourceQuality "1"]

1. e4 e5 2. Nf3 Nc6 3. Bc4 Nf6 4. d4 exd4 5. 0-0 Nxe4 6. Re1 d5 7. Bxd5 Qxd5 8. Nc3 Qh5 9. Nxe4 Be6 10. Bg5 Be7 11. Bxe7 Kxe7 12. Neg5 Rhe8 13. Nxe6 fxe6 14. Nxd4 Qxd1 15. Nxc6+ bxc6 16. Raxd1 Rab8 17. b3 c5 18. Re5 1-0